Boys against girls / (Record no. 4100)

MARC details
000 -LEADER
fixed length control field 00880nam a22002657a 4500
001 - CONTROL NUMBER
control field 4100
003 - CONTROL NUMBER IDENTIFIER
control field FISKH
005 - DATE AND TIME OF LATEST TRANSACTION
control field 20240606151007.0
008 - FIXED-LENGTH DATA ELEMENTS--GENERAL INFORMATION
fixed length control field 240606b cb ||||| |||| 00| 0 eng d
020 ## - INTERNATIONAL STANDARD BOOK NUMBER
International Standard Book Number 9780440411239
040 ## - CATALOGING SOURCE
Original cataloging agency FISKH
Language of cataloging eng
Transcribing agency FISKH
Modifying agency FISKH
050 ## - LIBRARY OF CONGRESS CALL NUMBER
Classification number PZ7.N24
082 ## - DEWEY DECIMAL CLASSIFICATION NUMBER
Classification number 359
100 ## - MAIN ENTRY--PERSONAL NAME
Personal name Naylor Reynolds Phyllis
Dates associated with a name 1933-
245 ## - TITLE STATEMENT
Title Boys against girls /
Statement of responsibility, etc. Phyllis Reynolds Naylor
260 ## - PUBLICATION, DISTRIBUTION, ETC.
Place of publication, distribution, etc. New York :
Name of publisher, distributor, etc. A Yearling Book,
Date of publication, distribution, etc. 1995
300 ## - PHYSICAL DESCRIPTION
Extent 147 pages :
Dimensions 20 cm
505 ## - FORMATTED CONTENTS NOTE
Formatted contents note Q<br/>
520 ## - SUMMARY, ETC.
Summary, etc. The Hatford brothers cannot imagine spending Thanksgiving dinner with the Malloy sisters as the practical jokes and rivalries between the two families continue. Sequel to "The Girls Get Even."<br/>
521 8# - TARGET AUDIENCE NOTE
Target audience note 860<br/>
Source Lexile<br/>
521 8# - TARGET AUDIENCE NOTE
Target audience note Q<br/>
Source Raz-Plus<br/>
700 ## - ADDED ENTRY--PERSONAL NAME
Personal name Phyllis Reynolds Naylor
942 ## - ADDED ENTRY ELEMENTS (KOHA)
Source of classification or shelving scheme Dewey Decimal Classification
Koha item type Books
Suppress in OPAC No
Holdings
Withdrawn status Lost status Source of classification or shelving scheme Damaged status Not for loan Collection Home library Current library Shelving location Date acquired Total Checkouts Full call number Barcode Date last seen Copy number Price effective from Koha item type
    Dewey Decimal Classification     Fiction Footprints International School Library Network Toul Tom Poung Campus Footprints International School Library Network Toul Tom Poung Campus TTP Secondary Fiction Bookshelves 06/06/2024   NAY PZ7.N24​359​​​​ 2024-0825 06/06/2024 1 06/06/2024 Books